000 02178nam a2200277 a 4500
008 190611s2012 ||||||||||||||||| || u
020 _a9780323374743
050 _aRC 111 Jon
100 _aStevens, Dennis L
245 1 0 _aNetter's infectious diseases
_cBy Elaine C. Jong and Dennis L. Stevens
260 _aPhiladelphia:
_bElsevier Saunders
_c2012
300 _axix, 602 pages : illustrations
350 _a83.67
650 3 _aPUBLIC HEALTH
650 _aCOMMUNICABLE DISEASES
700 _aJong, Elaine C
995 _aMICHAEL CHILUFYA SATA OPEN ACCESS
_e904712
_FCBU-SCHOOL OF MEDICINE LIBRARY (Ndola)
_I83.67
_jRC 111 Jon
_M9
_UAVAILABLE
_WFeb 6, 2020
_y904712
_ZMedical Library Open Access Collection
995 _aMICHAEL CHILUFYA SATA OPEN ACCESS
_e904711
_FCBU-SCHOOL OF MEDICINE LIBRARY (Ndola)
_I83.67
_jRC 111 Jon
_M8
_UAVAILABLE
_WFeb 6, 2020
_y904711
_ZMedical Library Open Access Collection
995 _aMEDICAL LIBRARY OPEN ACCESS
_e904173
_FCBU-SCHOOL OF MEDICINE LIBRARY (Ndola)
_I83.67
_jRC 111 Jon
_M3
_UAVAILABLE
_WJun 12, 2019
_y904173
_ZMedical Library Open Access Collection
995 _aMAIN LIBRARY OPEN ACCESS
_e750138
_FCBU-MAIN LIBRARY (Kitwe)
_I83.67
_jRC 111 Jon
_M6
_UAVAILABLE
_WJan 28, 2020
_y750138
_ZMedical Library Open Access Collection
995 _aMICHAEL CHILUFYA SATA OPEN ACCESS
_e904172
_FCBU-SCHOOL OF MEDICINE LIBRARY (Ndola)
_I83.67
_jRC 111 Jon
_M2
_UAVAILABLE
_WJun 12, 2019
_y904172
_ZMedical Library Open Access Collection
995 _aMEDICAL LIBRARY OPEN ACCESS
_e904174
_FCBU-SCHOOL OF MEDICINE LIBRARY (Ndola)
_I83.67
_jRC 111 Jon
_M4
_UAVAILABLE
_WJun 12, 2019
_y904174
_ZMedical Library Open Access Collection
995 _aMICHAEL CHILUFYA SATA OPEN ACCESS
_e904710
_FCBU-SCHOOL OF MEDICINE LIBRARY (Ndola)
_I83.67
_jRC 111 Jon
_M7
_UAVAILABLE
_WFeb 6, 2020
_y904710
_ZMedical Library Open Access Collection
995 _aMEDICAL LIBRARY OPEN ACCESS
_e904171
_FCBU-SCHOOL OF MEDICINE LIBRARY (Ndola)
_I83.67
_jRC 111 Jon
_M1
_UAVAILABLE
_WJun 12, 2019
_y904171
_ZMedical Library Open Access Collection
995 _aMAIN LIBRARY OPEN ACCESS
_e750137
_FCBU-MAIN LIBRARY (Kitwe)
_I83.67
_jRC 111 Jon
_M5
_UAVAILABLE
_WJan 28, 2020
_y750137
_ZMedical Library Open Access Collection
999 _c78754
_d78754